000 00614nam a22002057a 4500
005 20250904075938.0
008 250904b |||||||| |||| 00| 0 eng d
020 _a9789358494167
040 _aIN-DiNC
_cIN-DiNC
041 _dasm
082 _a301.072
_bBHU
100 _aBhuyan, Dilip Kumar
_eauthor
245 _aSamajtattwiya gabeshana paddhati-II (Major12)/
_cby Dilip Kumar Bhuyan and Prasanta Phukan
250 _a1st ed.
260 _aDibrugarh:
_bBanalata,
_c2025.
300 _a276p.
650 _aSociological research methods-II (Major12)
700 _aPhukan, Prasanta
_eauthor
942 _2ddc
_cBK
999 _c12231
_d12231